01613cam a2200385 i 4500952016600000999001700166001000900183003000400192005001700196008004100213010001700254020003100271020002800302040002300330042000800353050002100361082001800382100004900400245015600449246004900605250003800654264005800692300004500750336002600795337002800821338002700849500011900876504006700995650002801062650002401090650001201114650001401126906004501140942004201185 00102ddc40708MATHEMATICSaMESbMEScMATd2021-09-24e34g1945.90l2m4o516.36 CAR/Dp41217r2025-12-23 12:31:20s2025-12-01v2684.00w2021-09-24yBKzGL25R3 c41178d4117821180161OSt20210810103232.0190831s2018 nyua b 001 0 eng  a 2019301434 a9780486806990q(paperback) a0486806995q(paperback) aDLCbengerdacDLC apcc00aQA641b.B32 2018 a516.36bCAR/D1 aCarmo, Manfredo Perdigão doeauthor.9391110aDifferential geometry of curves & surfaces /cManfredo P. Do Carmo, Instituto Nacional de Matemática, Pura e Aplicada (IMPA), Rio de Janeiro, Brazil.3 aDifferential geometry of curves and surfaces aRevised & updated second edition. 1aMineola, New York :bDover Publications, INC.,c2018. axvi, 510 pages :billustrations ;c23 cm atextbtxt2rdacontent aunmediatedbn2rdamedia avolumebnc2rdacarrier aRevision of: Differential geometry of curves and surfaces / Thomas Banchoff, Stephen Lovett. 2016. Second edition. aIncludes bibliographical references (pages 475-477) and index. 0aGeometry, Differential. 0aCurves on surfaces. 0aCurves. 0aSurfaces. a7bcbccorigcopd2encipf20gy-gencatlg 2ddccBKe516.36hCAR/Di516.36kCAR/D